|
|
|
|
| LEADER |
00000cam a22000004a 4500 |
| 001 |
musev2_9828 |
| 003 |
MdBmJHUP |
| 005 |
20230905041123.0 |
| 006 |
m o d |
| 007 |
cr||||||||nn|n |
| 008 |
070605t20072008pau o 00 0 eng d |
| 010 |
|
|
|z 2007022655
|
| 020 |
|
|
|a 9781592134571
|
| 020 |
|
|
|z 9781592134557
|
| 020 |
|
|
|z 9781592134564
|
| 035 |
|
|
|a (OCoLC)609863272
|
| 040 |
|
|
|a MdBmJHUP
|c MdBmJHUP
|
| 043 |
|
|
|a n-us---
|
| 050 |
0 |
4 |
|a JK2281
|b .C27 2008
|
| 082 |
0 |
|
|a 324.7/30973
|2 22
|
| 245 |
0 |
0 |
|a Campaign Advertising and American Democracy /
|c Michael M. Franz ... [et al.].
|
| 264 |
|
1 |
|a Philadelphia :
|b Temple University Press,
|c 2007, c2008.
|
| 264 |
|
3 |
|a Baltimore, Md. :
|b Project MUSE,
|c 2012
|
| 264 |
|
4 |
|c ©2007, c2008.
|
| 300 |
|
|
|a 1 online resource (213 pages):
|b ill. ;
|
| 336 |
|
|
|a text
|b txt
|2 rdacontent
|
| 337 |
|
|
|a computer
|b c
|2 rdamedia
|
| 338 |
|
|
|a online resource
|b cr
|2 rdacarrier
|
| 504 |
|
|
|a Includes bibliographical references (p. [187]-193) and index.
|
| 505 |
0 |
|
|a Campaign advertising : the whipping boy of American politics -- Campaign ads as information supplements : a spillover theory of advertising effects -- Measuring exposure to campaign ads -- Tracking the volume and content of political advertising -- What, when, and where : making sense of campaign advertising -- What did they know and when did they know it? -- Campaign advertising and voter attitudes toward the political process -- Campaign advertising and citizen participation -- Advertising tone and political engagement -- Campaign advertising and American democracy -- Appendix A: Assessing the validity of the CMAG tracking data -- Appendix B: Assessing the reliability of the CMAG storyboard coding -- Appendix C: Data set and variables -- Appendix D: Wisconsin advertising project coding sheet for 2000 ads -- Appendix E: Wisconsin advertising project coding sheet for 2004 ads.
|
| 588 |
|
|
|a Description based on print version record.
|
| 650 |
|
0 |
|a Advertising, Political
|z United States.
|
| 650 |
|
0 |
|a Political campaigns
|z United States.
|
| 655 |
|
7 |
|a Electronic books.
|2 local
|
| 700 |
1 |
|
|a Franz, Michael M.,
|d 1976-
|
| 710 |
2 |
|
|a Project Muse.
|e distributor
|
| 830 |
|
0 |
|a Book collections on Project MUSE.
|
| 856 |
4 |
0 |
|z Texto completo
|u https://projectmuse.uam.elogim.com/book/9828/
|
| 945 |
|
|
|a Project MUSE - Custom Collection
|
| 945 |
|
|
|a Project MUSE - Archive Complete Foundation
|
| 945 |
|
|
|a Project MUSE - Archive Political Science and Policy Studies Foundation
|